Wszyscy papieże (według lat pontyfikatu) - Statystyki

Ogólne statystyki
  • Ten quiz został rozwiązany 114 razy
    23 od ostatniego zresetowania
  • Średni wynik to 98 z 309
Statystyki odpowiedzi
Lata pontyfikatu Papież % Poprawnych
30/33 - 64/67 Piotr
90%
844 Jan
85%
2013 - 2025 Franciszek
80%
523 - 526 Jan I
80%
440 - 461 Leon I Wielki
80%
1513 - 1521 Leon X
80%
533 - 535 Jan II
75%
640 - 642 Jan IV
75%
898 - 900 Jan IX
75%
1978 - 1978 Jan Paweł I
75%
1978 - 2005 Jan Paweł II
75%
685 - 686 Jan V
75%
701 - 705 Jan VI
75%
705 - 707 Jan VII
75%
872 - 882 Jan VIII
75%
914 - 928 Jan X
75%
931 - 935 Jan XI
75%
682 - 683 Leon II
75%
795 - 816 Leon III
75%
847 - 855 Leon IV
75%
903 - 903 Leon V
75%
928 - 928 Leon VI
75%
757 - 767 Paweł I
75%
575 - 579 Benedykt I
70%
684 - 685 Benedykt II
70%
855 - 858 Benedykt III
70%
1058 - 1059 Benedykt X
70%
955 - 964 Jan XII
70%
965 - 972 Jan XIII
70%
985 - 996 Jan XV
70%
1276 - 1277 Jan XXI
70%
936 - 939 Leon VII
70%
1605 - 1605 Leon XI
70%
1555 - 1559 Paweł IV
70%
1605 - 1621 Paweł V
70%
1303 - 1304 Benedykt XI
65%
1914 - 1922 Benedykt XV
65%
2005 - 2013 Benedykt XVI
65%
997 - 998 Jan XVI
65%
561 - 574 Jan III
65%
983 - 984 Jan XIV
65%
1024 - 1032 Jan XIX
65%
1003 - 1003 Jan XVII
65%
1004 - 1009 Jan XVIII
65%
1049 - 1054 Leon IX
65%
963 - 965 Leon VIII
65%
1823 - 1829 Leon XII
65%
2025 - Leon XIV
65%
1464 - 1471 Paweł II
65%
1534 - 1549 Paweł III
65%
1963 - 1978 Paweł VI
65%
900 - 903 Benedykt IV
60%
1334 - 1342 Benedykt XII
60%
1724 - 1730 Benedykt XIII
60%
1740 - 1758 Benedykt XIV
60%
1394 - 1417 Benedykt (XIII)
60%
1425 - 1430 Benedykt (XIV)
60%
1316 - 1334 Jan XXII
60%
1878 - 1903 Leon XIII
60%
140/142 - 155 Pius I
60%
1032 - 1044 | 1045 - 1045 | 1047 - 1048 Benedykt IX
55%
964 - 964 Benedykt V
55%
973 - 974 Benedykt VI
55%
974 - 983 Benedykt VII
55%
1012 - 1024 Benedykt VIII
55%
1410 - 1415 Jan (XXIII)
55%
1958 - 1963 Jan XXIII
55%
1458 - 1464 Pius II
55%
1503 - 1503 Pius III
55%
1559 - 1565 Pius IV
55%
1846 - 1878 Pius IX
55%
1566 - 1572 Pius V
55%
1775 - 1799 Pius VI
55%
1800 - 1823 Pius VII
55%
1903 - 1914 Pius X
55%
1922 - 1939 Pius XI
55%
1939 - 1958 Pius XII
55%
105/109 - 115/116 Aleksander I
50%
1061 - 1073 Aleksander II
50%
1159 - 1181 Aleksander III
50%
1492 - 1503 Aleksander VI
50%
715 - 731 Grzegorz II
50%
731 - 741 Grzegorz III
50%
827 - 844 Grzegorz IV
50%
590 - 604 Grzegorz I Wielki
50%
1227 - 1241 Grzegorz IX
50%
996 - 999 Grzegorz V
50%
1045 - 1046 Grzegorz VI
50%
1073 - 1085 Grzegorz VII
50%
1187 - 1187 Grzegorz VIII
50%
1271 - 1276 Grzegorz X
50%
1370 - 1378 Grzegorz XI
50%
1406 - 1415 Grzegorz XII
50%
1572 - 1585 Grzegorz XIII
50%
1590 - 1591 Grzegorz XIV
50%
1621 - 1623 Grzegorz XV
50%
1831 - 1846 Grzegorz XVI
50%
1409 - 1410 Aleksander (V)
50%
1012 Grzegorz (VI)
50%
1118 - 1121 Grzegorz (VIII)
50%
88/91 - 97/99/101 Klemens I Rzymski
50%
64/68 - 76/79 Linus
50%
1829 - 1830 Pius VIII
50%
1254 - 1261 Aleksander IV
45%
1080 - 1100 Klemens (III)
45%
1046 - 1047 Klemens II
45%
1187 - 1191 Klemens III
45%
1265 - 1268 Klemens IV
45%
1305 - 1314 Klemens V
45%
222 - 230 Urban I
45%
418 - 422 Bonifacy I
40%
1378 - 1394 Klemens (VII)
40%
1423 - 1429 Klemens (VIII)
40%
1667 - 1669 Klemens IX
40%
1342 - 1352 Klemens VI
40%
1523 - 1534 Klemens VII
40%
1592 - 1605 Klemens VIII
40%
1670 - 1676 Klemens X
40%
1700 - 1721 Klemens XI
40%
1730 - 1740 Klemens XII
40%
1758 - 1769 Klemens XIII
40%
1088 - 1099 Urban II
40%
1185 - 1187 Urban III
40%
1655 - 1667 Aleksander VII
35%
1689 - 1691 Aleksander VIII
35%
530 - 532 Bonifacy II
35%
607 - 607 Bonifacy III
35%
608 - 615 Bonifacy IV
35%
337 - 352 Juliusz I
35%
1503 - 1513 Juliusz II
35%
1550 - 1555 Juliusz III
35%
1769 - 1774 Klemens XIV
35%
1261 - 1264 Urban IV
35%
1362 - 1370 Urban V
35%
1378 - 1389 Urban VI
35%
1590 - 1590 Urban VII
35%
1623 - 1644 Urban VIII
35%
76/79 - 88/91 Anaklet I
30%
1389 - 1404 Bonifacy IX
30%
619 - 625 Bonifacy V
30%
896 Bonifacy VI
30%
1294 - 1303 Bonifacy VIII
30%
974 - 974 | 980 - 981 | 984 - 985 Bonifacy (VII)
30%
1179 - 1180 Innocenty (III)
30%
401 - 417 Innocenty I
30%
1130 - 1143 Innocenty II
30%
1198 - 1216 Innocenty III
30%
1243 - 1254 Innocenty IV
30%
1591 - 1591 Innocenty IX
30%
1276 - 1276 Innocenty V
30%
1352 - 1362 Innocenty VI
30%
1404 - 1406 Innocenty VII
30%
1484 - 1492 Innocenty VIII
30%
1644 - 1655 Innocenty X
30%
1676 - 1689 Innocenty XI
30%
1691 - 1700 Innocenty XII
30%
1721 - 1724 Innocenty XIII
30%
115/116 - 125/129 Sykstus I
30%
422 - 432 Celestyn I
25%
1143 - 1144 Celestyn II
25%
1241 - 1241 Celestyn IV
25%
1294 - 1294 Celestyn V
25%
1124 Celestyn (II)
25%
1191 - 1198 Celestyn III
20%
649 - 653 Marcin I
20%
1058 - 1061 Mikołaj II
20%
257 - 258 Sykstus II
20%
432 - 440 Sykstus III
20%
1471 - 1484 Sykstus IV
20%
1585 - 1590 Sykstus V
20%
314 - 335 Sylwester I
20%
999 - 1003 Sylwester II
20%
97/101 - 105/109 Ewaryst
15%
269 - 274 Feliks I
15%
483 - 492 Feliks III (II)
15%
526 - 530 Feliks IV (III)
15%
772 - 795 Hadrian I
15%
867 - 872 Hadrian II
15%
884 - 885 Hadrian III
15%
1154 - 1159 Hadrian IV
15%
1276 - 1276 Hadrian V
15%
1522 - 1523 Hadrian VI
15%
461 - 468 Hilary
15%
355 - 365 Feliks (II)
15%
217 - 235 Hipolit
15%
1328 - 1330 Mikołaj V
15%
1105 - 1111 Sylwester (IV)
15%
217 - 222 Kalikst I
15%
1119 - 1124 Kalikst II
15%
1277 - 1280 Mikołaj III
15%
1288 - 1292 Mikołaj IV
15%
1447 - 1455 Mikołaj V
15%
254 - 257 Stefan I
15%
1045 - 1045 Sylwester III
15%
189 - 199 Wiktor I
15%
1055 - 1057 Wiktor II
15%
399 - 401 Anastazy I
10%
496 - 498 Anastazy II
10%
911 - 913 Anastazy III
10%
1153 - 1154 Anastazy IV
10%
366 - 384 Damazy I
10%
1048 - 1048 Damazy II
10%
676 - 678 Donus
10%
654 - 657 Eugeniusz I
10%
824 - 827 Eugeniusz II
10%
1145 - 1153 Eugeniusz III
10%
1431 - 1447 Eugeniusz IV
10%
309 - 310 Euzebiusz
10%
236 - 250 Fabian
10%
625 - 638 Honoriusz I
10%
1124 - 1130 Honoriusz II
10%
1216 - 1227 Honoriusz III
10%
1285 - 1287 Honoriusz IV
10%
136/138 - 140/142 Hygin
10%
855 - 855 Anastazy (III) Bibliotekarz
10%
768 Filip
10%
1061 - 1064 Honoriusz II
10%
1168 - 1178 Kalikst (III)
10%
687 - 687 Paschalis
10%
1455 - 1458 Kalikst III
10%
686 - 687 Konon
10%
913 - 914 Lando
10%
1281 - 1285 Marcin IV
10%
1417 - 1431 Marcin V
10%
752 - 752 Stefan (II)
10%
752 - 757 Stefan II (III)
10%
768 - 772 Stefan III (IV)
10%
816 - 817 Stefan IV (V)
10%
1057 - 1058 Stefan IX (X)
10%
939 - 942 Stefan VIII (IX)
10%
928 - 931 Stefan VII (VIII)
10%
896 - 897 Stefan VI (VII)
10%
885 - 891 Stefan V (VI)
10%
1086 - 1087 Wiktor III
10%
417 - 418 Zozym
10%
535 - 536 Agapit I
5%
946 - 955 Agapit II
5%
678 - 681 Agaton
5%
155 - 166 Anicet
5%
235 - 236 Anteros
5%
259 - 268 Dionizy
5%
174/175 - 189 Eleuter
5%
275 - 283 Eutychian
5%
891 - 896 Formozus
5%
492 - 496 Gelazy I
5%
1118 - 1119 Gelazy II
5%
514 - 523 Hormizdas
5%
1130 - 1138 Anaklet (II)
5%
1439 - 1449 Feliks (V)
5%
903 - 904 Krzysztof
5%
251 - 251 Nowacjan
5%
1164 - 1168 Paschalis (III)
5%
498 - 507 Wawrzyniec
5%
1138 - 1138 | 1159 - 1164 Wiktor (IV)
5%
251 - 253 Korneliusz
5%
306/307 - 308/309 Marceli I
5%
1555 - 1555 Marceli II
5%
296 - 304 Marcelin
5%
858 - 867 Mikołaj I Wielki
5%
311 - 314 Milicjades
5%
817 - 824 Paschalis I
5%
1099 - 1118 Paschalis II
5%
166 - 174/175 Soter
5%
498 - 514 Symmach
5%
468 - 483 Symplicjusz
5%
741 - 752 Zachariasz
5%
615 - 618 Adeodat I
0%
672 - 676 Adeodat II
0%
1101 - 1102 Albert
0%
530 - 530 Dioskur
0%
418 - 419 Eulaliusz
0%
767 - 768 Konstantyn II
0%
686 - 687 Teodor
0%
1100 - 1101 Teodoryk
0%
366 - 367 Ursyn
0%
283 - 296 Kajus
0%
708 - 715 Konstantyn
0%
352 - 366 Liberiusz
0%
253 - 254 Lucjusz I
0%
1144 - 1145 Lucjusz II
0%
1181 - 1185 Lucjusz III
0%
336 - 336 Marek
0%
882 - 884 Marynus I
0%
942 - 946 Marynus II
0%
556 - 561 Pelagiusz I
0%
579 - 590 Pelagiusz II
0%
230 - 235 Poncjan
0%
897 - 897 Roman
0%
604 - 606 Sabinian
0%
687 - 701 Sergiusz I
0%
844 - 847 Sergiusz II
0%
904 - 911 Sergiusz III
0%
1009 - 1012 Sergiusz IV
0%
640 - 640 Seweryn
0%
536 - 537 Sylweriusz
0%
384 - 399 Syrycjusz
0%
708 - 708 Syzyniusz
0%
125/129 - 136/138 Telesfor
0%
642 - 649 Teodor I
0%
897 Teodor II
0%
827 - 827 Walentyn
0%
537 - 555 Wigiliusz
0%
657 - 672 Witalian
0%
199 - 217 Zefiryn
0%
Nie znaleziono quizów pasujących do podanych kryteriów
Rozkład punktacji
Procent ludzi z każdym wynikiem
Percentyl według liczby udzielonych odpowiedzi
Twoja historia wyników
Nie rozwiązałeś tego quizu od ostatniego zresetowania